Online Catalogue and eLibrary

Deconstructing History (Record no. 3396)

MARC details
000 -LEADER
fixed length control field 00480nam a2200157Ia 4500
005 - DATE AND TIME OF LATEST TRANSACTION
control field 20241125081017.0
008 - FIXED-LENGTH DATA ELEMENTS--GENERAL INFORMATION
fixed length control field 240331s9999 xx 000 0 und d
020 ## - INTERNATIONAL STANDARD BOOK NUMBER
ISBN 0415131936
082 ## - DDC Classification
Item Number - Author Mark Mun
Class No. 907
100 ## - MAIN ENTRY--PERSONAL NAME
Personal name Munslow, A
245 #0 - TITLE STATEMENT
Title Deconstructing History
260 ## - PUBLICATION, DISTRIBUTION, ETC.
Place of publication, distribution, etc. London
Name of publisher, distributor, etc. Routledge
Date of publication, distribution, etc. 1997
300 ## - PHYSICAL DESCRIPTION
Extent (e.g. Volumes, Pages etc.) 226 p .,
500 ## - GENERAL NOTE
General note Postmodernism has changed how we study the past, In Deconstructing History, Alum Munslow examine history in the postmodern age.
942 ## - Koha item type (Biblio)
Koha item type Books in Stacks (Lending)
Holdings
Lost status Damaged status Collection code Home library Current library Shelving location Date acquired Full call number Accession Number Item type
    Lending WERC Library WERC Library Social Science Cupboard 03/31/2024 907.2 Mun 2920 Books in Stacks (Lending)

© WERC Library